00435nam a2200181Ia 4500003000400000005001700004008004100021020001400062040000700076041000800083082001900091100003200110245004600142250000600188260002900194300001700223365001300240OSt20230405100930.0210423s2005 xx 000 0 und d a534612962 cAL aeng a659.2 NEWD223 aNEWSOM (Doug);HAYNES (Jim). aPublic relations writing: form and style. a7 aAustraliabThomsonc2005 axxii,441bPB b895cINR